10 sciences, 10 questions #2 - Culture générale - Statistiques

Statistiques générales
  • Ce quiz a été pris 37 fois
  • Le résultat moyen est 8 sur 15
Statistiques - réponses
Science Indice Réponse % Correct
Chimie A eux deux, ces gaz représentent 99%du volume de l'atmosphère terrestre Dioxygène (O2) (21%)
82%
Economie Ville et année où se sont déroulés la krash boursier du "jeudi noir", marquant le début de la Grande Dépression Bourse de New York
79%
Chimie A eux deux, ces gaz représentent 99%du volume de l'atmosphère terrestre Diazote (N2) (78%)
79%
Géographie Cette ville de plus de 10 millions d'habitantsest située à cheval sur 2 continents Istanbul
74%
Informatique Mémoire informatique dans laquelle peuvent être enregistrées
les informations traitées par un appareil informatique
Mémoire vive (RAM)
74%
Géologie Minéral le plus tendre (dureté de 1) et minéral le plus dur(dureté de 10) sur l'échelle de dureté des minéraux de Mohs Le diamant (dureté = 10)
71%
Biologie Les 2 principaux processus de divisioncellulaire chez les eucaryotes sont ... La méiose
68%
Biologie Les 2 principaux processus de divisioncellulaire chez les eucaryotes sont ... La mitose
68%
Economie Ville et année où se sont déroulés la krash boursier du "jeudi noir",marquant le début de la Grande Dépression 1929
62%
Physique Equivalents en Fahrenheit et Kevlin d'unetempérature de 0 degrés Celcius 273,15 K
47%
Mathématiques Equation où l'inconnue est une fonction,reliant cette fonction à ses dérivées Equation différentielle
44%
Physique Equivalents en Fahrenheit et Kevlin d'unetempérature de 0 degrés Celcius 32 °F
32%
Sociologie Expérience montrant que 65 % des sujets de l'expérienceinfligent des souffrances maximales à autrui si on le leur ordonne Expérience de Milgram
24%
Géologie Minéral le plus tendre (dureté de 1) et minéral le plus dur (dureté de 10) sur l'échelle de dureté des minéraux de Mohs Le talc (dureté =1)
21%
Psychologie Biais cognitif qui pousse à se fier excessivement à lapremière information reçue pour prendre une décision Biais d'ancrage
9%
Aucun quiz correspondant
Distribution des résultats
% des personnes avec chaque résultat
Percentile par nombre de réponses
Votre historique - résultats
Vous n’avez pas pris ce quiz